[Event "4th Lost Boys tournament, Group A"]
[Site "Antwerp"]
[Date "1997.08.09"]
[Round "8"]
[White "Barsov, Alexei"]
[Black "Jonkman, Harmen"]
[Result "1-0"]
[WhiteElo "2475"]
[BlackElo "2365"]
[WhiteTitle "IM"]
[BlackTitle "FM"]
[Source "http://www.lostcity.nl/chess/antwerp97/games.html"]
[Board "10"]

1. c4 e6 2. d4 d5 3. Nc3 dxc4 4. e4 Bb4 5. Bxc4 c5 6. a3 Ba5 7. Ne2 cxd4
8. Nxd4 Nf6 9. O-O Nc6 10. Nxc6 Qxd1 11. Rxd1 bxc6 12. b4 Bc7 13. f3 Bb6+
14. Kf1 e5 15. Bg5 Bd4 16. Rac1 Nd7 17. Ne2 Bb6 18. b5 f6 19. bxc6 fxg5
20. cxd7+ Bxd7 21. Rd5 Rc8 22. Rxe5+ Kd8 23. Bb5 Rxc1+ 24. Nxc1 Bc8 25. Rxg5 Be3
26. Rd5+ Ke7 27. Ne2 a6 28. Bc4 Bb7 29. Rd3 Bc5 30. Nf4 Bd6 31. Nd5+ Bxd5
32. Rxd5 Bxh2 33. a4 Ra8 34. Rh5 Bf4 35. Rf5 Bh6 36. g3 a5 37. f4 Rc8 38. Bd3
Ra8 39. Rh5 Ra7 40. Ke2 Ke6 41. Bc4+ Kf6 42. Rf5+ 1-0

[Event "4th Lost Boys tournament, Group A"]
[Site "Antwerp"]
[Date "1997.08.09"]
[Round "8"]
[White "Gershon, Alik"]
[Black "Eliet, Nicolas"]
[Result "1-0"]
[WhiteElo "2420"]
[BlackElo "2350"]
[WhiteTitle "IM"]
[BlackTitle "FM"]
[Source "365chess.com"]
[Board "11"]

1. e4 c5 2. Nf3 d6 3. d4 cxd4 4. Nxd4 Nf6 5. Nc3 e6 6. g4 a6 7. g5 Nfd7 8. h4
Nc6 9. Be3 Qc7 10. Qe2 b5 11. O-O-O Bb7 12. Bh3 b4 13. Nd5 exd5 14. exd5 Ne7
15. Nc6 Bxc6 16. dxc6 Ne5 17. Bd4 N5xc6 18. f4 Nxd4 19. Rxd4 g6 20. Re1 h6
21. Rc4 Qd8 22. Bg2 Rc8 23. Bc6+ Rxc6 24. Rxc6 Bg7 1-0

[Event "4th Lost Boys tournament, Group A"]
[Site "Antwerp"]
[Date "1997.08.09"]
[Round "8"]
[White "Claesen, Pieter"]
[Black "Zak, Uriel"]
[Result "1/2-1/2"]
[WhiteElo "2415"]
[BlackElo "2330"]
[WhiteTitle "FM"]
[BlackTitle "IM"]
[Source "365chess.com"]
[Board "12"]

1. c4 e6 2. g3 d5 3. Nf3 dxc4 4. Qa4+ Nd7 5. Bg2 Nf6 6. O-O a6 7. Qxc4 c5
8. Qc2 b5 9. b3 Bb7 10. Bb2 Be7 11. d3 O-O 12. Nbd2 Qb6 13. Rac1 Rac8 14. Qb1
Nd5 15. Ne4 N5f6 16. Ned2 Nd5 17. d4 N5f6 18. e4 cxd4 19. e5 Nd5 20. Bxd4 Qa5
21. Ne4 h6 22. Nd6 Bxd6 23. exd6 Qa3 24. Qb2 Qxb2 25. Bxb2 Nb4 1/2-1/2

[Event "4th Lost Boys tournament, Group A"]
[Site "Antwerp"]
[Date "1997.08.09"]
[Round "8"]
[White "Wells, Peter Kenneth"]
[Black "Mork, Kjell-Arne"]
[Result "1-0"]
[WhiteElo "2530"]
[BlackElo "2290"]
[WhiteTitle "GM"]
[Source "365chess.com"]
[Board "13"]

1. d4 Nf6 2. c4 Nc6 3. Nf3 e6 4. g3 Bb4+ 5. Bd2 Qe7 6. Nc3 O-O 7. Bg2 d5
8. cxd5 exd5 9. O-O Bg4 10. Bg5 Rad8 11. h3 Bc8 12. Ne1 Bxc3 13. bxc3 Rfe8
14. Nd3 h6 15. Bxf6 Qxf6 16. Nf4 Ne7 17. Qa4 g5 18. Nd3 Nc6 19. Rfe1 Qd6 20. e3
a6 21. c4 dxc4 22. Qxc4 Be6 23. Qc3 Rb8 24. Nc5 Bc8 25. Rac1 Re7 26. d5 Nd8
27. Ne4 Qe5 28. Qxe5 Rxe5 29. Rxc7 Bxh3 30. f4 Bxg2 31. Nf6+ Kg7 32. fxe5 1-0

[Event "4th Lost Boys tournament, Group A"]
[Site "Antwerp"]
[Date "1997.08.09"]
[Round "8"]
[White "Vandevoort, Pascal"]
[Black "Bosboom, Manuel"]
[Result "0-1"]
[WhiteElo "2315"]
[BlackElo "2430"]
[WhiteTitle "FM"]
[BlackTitle "IM"]
[Board "14"]

1. c4 g6 2. Nc3 Bg7 3. d4 d6 4. e4 e5 5. Nf3 Nd7 6. Be2 Nh6 7. h4 f6 8. h5 c6
9. d5 Nf7 10. Be3 f5 11. exf5 gxf5 12. g4 cxd5 13. cxd5 fxg4 14. Nd2 Bh6
15. Bxg4 Bxe3 16. fxe3 Nc5 17. Bxc8 Rxc8 18. Qg4 Ng5 19. Nc4 O-O 20. Nxd6 Qxd6
21. Qxg5+ Kh8 22. Rd1 e4 23. h6 Rg8 24. Nb5 Nd3+ 0-1

[Event "4th Lost Boys tournament, Group A"]
[Site "Antwerp"]
[Date "1997.08.09"]
[Round "8"]
[White "Shirazi, Kamran"]
[Black "Donk, Merlijn Silvester"]
[Result "1/2-1/2"]
[WhiteElo "2430"]
[BlackElo "2310"]
[WhiteTitle "IM"]
[BlackTitle "FM"]
[Source "365chess.com"]
[Board "15"]

1. e4 c5 2. Nf3 e6 3. b3 Nf6 4. e5 Nd5 5. Bb2 Be7 6. c4 Nb6 7. d4 cxd4 8. Nxd4
d5 9. exd6 Qxd6 10. Nb5 Qxd1+ 11. Kxd1 Na6 12. Bxg7 Rg8 13. Bd4 Bd7 14. N1c3 Rd8
15. Ke2 Nb4 16. Nxa7 Na8 17. Rc1 e5 18. Be3 Bf5 19. Nd5 Nxd5 20. cxd5 Rxd5
21. f3 Ba3 22. Rd1 Rxd1 23. Kxd1 Ke7 24. Nb5 Rd8+ 25. Ke1 Bb4+ 26. Kf2 Rd1
27. g4 Bd3 28. a4 Rb1 29. Bxd3 Rxh1 30. Kg2 Re1 31. Bf2 Rd1 32. Bxh7 Rd2 33. Kg3
Rb2 34. Be4 Bd2 35. Kh3 Bf4 36. Bg1 Nb6 37. a5 Nd7 38. Bxb7 Rb1 39. Bf2 Rb2
40. Bg3 Bxg3 41. Kxg3 Rxb3 42. a6 Rxb5 43. a7 Nb6 44. a8=Q Nxa8 45. Bxa8 Rb1
46. Be4 Rg1+ 47. Kh4 Kf6 48. Kh5 Kg7 49. h4 Rg3 50. Kg5 Rh3 51. h5 f6+ 52. Kf5
Rh2 53. Ke6 Rh4 54. Bc6 Rh2 55. Kf5 Rh4 56. Be8 Rh3 57. Ke4 Kh6 58. Bc6 Kg5
59. Ke3 Rh2 60. Be4 Rb2 61. Kd3 Rb4 62. Kc3 Rd4 63. Bc6 f5 64. gxf5 Kxf5 65. Be8
Kg5 66. Bf7 Rf4 67. Bd5 Kxh5 68. Be4 Rf6 69. Kd3 Kg5 70. Ke3 Rb6 71. Bd5 Rb4
72. Bc6 Rb1 73. Be4 Ra1 74. Bc6 Re1+ 75. Kd2 Rb1 76. Ke3 Rb4 77. Bd5 Kh4 78. Bc6
Kg3 79. Bd5 Rd4 80. Bc6 Rf4 81. Bd5 Kh4 82. Be4 Kg5 83. Bc6 Kf6 84. Bd5 Ke7
85. Be4 Kd6 86. Kd3 Rf8 87. Ke3 Rb8 88. Bg6 Rb3+ 89. Ke4 Rb1 90. Ke3 Re1+
91. Kf2 Ra1 92. Ke3 Kc5 93. f4 Rg1 94. Bh5 exf4+ 95. Kxf4 Kd4 96. Kf3 Re1
97. Bg4 Kd5 98. Bh5 1/2-1/2

[Event "4th Lost Boys tournament, Group A"]
[Site "Antwerp"]
[Date "1997.08.09"]
[Round "8"]
[White "Claesen, Jeroen"]
[Black "Dutreeuw, Marc"]
[Result "1/2-1/2"]
[WhiteElo "2290"]
[BlackElo "2400"]
[WhiteTitle "FM"]
[BlackTitle "IM"]
[Source "365chess.com"]
[Board "16"]

1. e4 d5 2. exd5 Qxd5 3. Nc3 Qa5 4. Bc4 Bf5 5. Nge2 e6 6. O-O Nd7 7. d3 Ngf6
8. Qe1 Ne5 9. Bb5+ c6 10. Nd4 Ned7 11. Bd2 Qb6 12. Nxf5 cxb5 13. Be3 Qa5 14. a4
bxa4 15. Nd4 Bb4 16. Bd2 Nc5 17. Ndb5 O-O 18. d4 Bxc3 19. Nxc3 Ncd7 20. Rxa4 Qf5
21. Qd1 Nb6 22. Rb4 Rfd8 23. Rb5 Nfd5 24. Nxd5 Rxd5 25. Rxd5 Qxd5 26. Qg4
1/2-1/2

[Event "4th Lost Boys tournament, Group A"]
[Site "Antwerp"]
[Date "1997.08.09"]
[Round "8"]
[White "Giddins, Steve"]
[Black "Quist, Johan"]
[Result "1-0"]
[WhiteElo "2375"]
[BlackElo "2285"]
[WhiteTitle "FM"]
[BlackTitle "FM"]
[Source "http://www.lostcity.nl/chess/antwerp97/games.html"]
[Board "17"]

1. d4 d5 2. c4 dxc4 3. Nf3 Nf6 4. e3 e6 5. Bxc4 a6 6. a4 c5 7. O-O Nc6 8. Qe2
Qc7 9. Nc3 Be7 10. Rd1 O-O 11. Bd2 Rd8 12. Be1 b6 13. d5 exd5 14. Nxd5 Nxd5
15. Bxd5 Bf6 16. Bc3 Rd6 17. Qc4 Be6 18. Bxf6 Bxd5 19. Rxd5 Rxf6 20. Rad1 h6
21. h3 Nb4 22. Rd7 Qc6 23. Ne5 b5 24. Qc3 Qb6 25. a5 Qxa5 26. Qxc5 Re8 27. Re7
Rxe7 28. Qxe7 Kh7 29. Nd7 Rf5 30. g4 Rg5 31. Qxf7 Qd8 32. Nf8+ 1-0

[Event "4th Lost Boys tournament, Group A"]
[Site "Antwerp"]
[Date "1997.08.10"]
[Round "9"]
[White "Lobron, Eric"]
[Black "Georgiev, Kiril Dimitrov"]
[Result "1/2-1/2"]
[WhiteElo "2540"]
[BlackElo "2670"]
[WhiteTitle "GM"]
[BlackTitle "GM"]
[Source "http://www.lostcity.nl/chess/antwerp97/games.html"]
[Board "3"]

1. Nf3 d5 2. d4 Nf6 3. c4 c6 4. e3 Bf5 5. Bd3 Bxd3 6. Qxd3 e6 7. O-O Nbd7
8. Nc3 Bb4 9. a3 Be7 10. e4 dxe4 11. Nxe4 O-O 12. Re1 Nxe4 13. Qxe4 Qa5 14. Bf4
Rfd8 15. Qc2 Rac8 16. c5 Re8 17. Re3 Qd8 18. Rd1 Nf6 19. Ne5 Nd5 20. Rh3 f5
21. Bc1 Bf6 22. Nc4 Rc7 23. Nd6 Ree7 24. Rf3 Rcd7 25. g3 h5 26. h4 g6 27. Kg2
Qf8 28. Bg5 Bxg5 29. hxg5 e5 30. dxe5 Rxe5 31. Nc4 Re6 32. Ne3 Qe7 33. Nxd5 cxd5
34. b4 Kh7 35. b5 d4 36. Rf4 Qe8 37. a4 Re2 38. Qc4 Re4 39. c6 bxc6 40. bxc6 Rc7
41. Rxd4 Rxf4 42. Rxf4 Qxc6+ 43. Qxc6 Rxc6 44. Rd4 Ra6 45. Kf3 Kg7 46. Kf4 Ra5
47. Ke3 Ra6 48. Kd3 Kf7 49. Kc3 Ke6 50. f4 Ra5 51. Kb4 Rd5 52. Kc4 Rxd4+
53. Kxd4 Kd6 54. Kc4 1/2-1/2

[Event "4th Lost Boys tournament, Group A"]
[Site "Antwerp"]
[Date "1997.08.10"]
[Round "9"]
[White "Barua, Dibyendu"]
[Black "Gerhon, Alik"]
[Result "0-1"]
[WhiteElo "2515"]
[BlackElo "2420"]
[WhiteTitle "GM"]
[BlackTitle "IM"]
[Source "http://www.lostcity.nl/chess/antwerp97/games.html"]
[Board "6"]

1. e4 c5 2. Nf3 Nc6 3. d4 cxd4 4. Nxd4 Nf6 5. Nc3 d6 6. Be2 e5 7. Nf3 h6 8. O-O
Be7 9. h3 O-O 10. Re1 Be6 11. Bf1 Nb8 12. b3 Nbd7 13. Bb2 Rc8 14. Nb5 Nc5
15. Nxa7 Ra8 16. Nb5 Ncxe4 17. c4 Bd7 18. Nc3 Nxc3 19. Bxc3 Bc6 20. Nd2 Nh7
21. a4 b6 22. b4 Qd7 23. b5 Bb7 24. Nb3 Qf5 25. Bd3 e4 26. Nd4 Qg6 27. Qg4 Ng5
28. Qf5 Bf6 29. Qxg6 fxg6 30. Bf1 Rfc8 31. Rec1 d5 32. Nb3 Bxc3 33. Rxc3 Ne6
34. a5 d4 35. a6 Bxa6 36. Nxd4 Nxd4 37. Rxa6 Rab8 38. Rg3 g5 39. Rg4 Nb3 40. Ra7
Nd2 41. Be2 Ra8 42. Rd7 Ra2 43. h4 Nb3 44. Bd1 Nc5 45. Rd6 Rf8 46. hxg5 h5
47. Rg3 h4 48. Rg4 Rfxf2 49. Rxb6 Rfd2 50. Rb8+ Kf7 51. g6+ Ke7 52. Bb3 Ra1+
53. Kh2 e3 54. Rg5 e2 55. Re5+ Kf6 0-1

[Event "4th Lost Boys tournament, Group A"]
[Site "Antwerp"]
[Date "1997.08.10"]
[Round "9"]
[White "Röder, Mathias"]
[Black "Shchekachev, Andrei"]
[Result "0-1"]
[WhiteElo "2435"]
[BlackElo "2510"]
[WhiteTitle "IM"]
[BlackTitle "GM"]
[Source "365chess.com"]
[Board "7"]

1. d4 d5 2. c4 c6 3. Nc3 Nf6 4. e3 e6 5. Nf3 Nbd7 6. Qc2 Bd6 7. Bd3 O-O 8. O-O
dxc4 9. Bxc4 Qe7 10. h3 h6 11. a3 Re8 12. Ba2 e5 13. dxe5 Nxe5 14. Nd4 Kf8
15. Rd1 Ng6 16. Nf5 Bxf5 17. Qxf5 Nh4 18. Qc2 Rad8 19. g3 Nf3+ 20. Kg2 Ng5
21. Ne2 Qd7 22. Ng1 Nge4 23. Nf3 Qf5 24. Bd2 Nh7 25. Be1 Kg8 26. Rac1 Qf6
27. Ba5 Rd7 28. Rd4 Nxg3 29. Rxd6 Qxd6 30. Bb4 Qb8 31. fxg3 Rxe3 32. Re1 Rxe1
33. Bxe1 Nf6 34. Bc3 Nd5 35. Bd4 Qe8 36. Kf2 Qe6 37. Bb1 Nf6 38. Kg2 b6 39. Bc3
c5 40. Ne5 Re7 41. Kh2 h5 42. Qd3 Qd5 43. Qe2 b5 44. b4 Qb3 45. Qd3 c4 46. Bc2
cxd3 47. Bxb3 Ne4 48. Bb2 Nd2 49. Bd1 0-1

[Event "4th Lost Boys tournament, Group A"]
[Site "Antwerp"]
[Date "1997.08.10"]
[Round "9"]
[White "Hendriks, Willy"]
[Black "Wells, Peter Kenneth"]
[Result "1/2-1/2"]
[WhiteElo "2360"]
[BlackElo "2530"]
[BlackTitle "GM"]
[Source "365chess.com"]
[Board "8"]

1. e4 c5 2. Nf3 Nc6 3. d4 cxd4 4. Nxd4 Nf6 5. Nc3 d6 6. Bc4 e6 7. Bb3 Be7
8. Be3 a6 9. f4 O-O 10. O-O Nxd4 11. Bxd4 b5 12. e5 dxe5 13. fxe5 Nd7 14. Ne4
Bb7 15. Nd6 Bxd6 16. exd6 Qg5 17. Qe2 e5 18. Bc3 Qg6 19. Rad1 Kh8 20. Bd5 Bxd5
21. Rxd5 Rac8 22. a4 b4 23. Bxb4 Rxc2 24. Rd2 Rxd2 25. Qxd2 f5 26. Qc2 Qg4
27. Ba3 Qd4+ 28. Kh1 e4 29. Rd1 Qe3 30. Bb4 1/2-1/2

[Event "4th Lost Boys tournament, Group A"]
[Site "Antwerp"]
[Date "1997.08.10"]
[Round "9"]
[White "Stefanova, Antoaneta"]
[Black "Giddins, Stephen"]
[Result "1-0"]
[WhiteElo "2450"]
[BlackElo "2375"]
[WhiteTitle "WGM"]
[BlackTitle "FM"]
[Source "365chess.com"]
[Board "9"]

1. d4 d5 2. Nf3 Nf6 3. Bf4 c5 4. e3 Bf5 5. c3 e6 6. Bxb8 Rxb8 7. Bb5+ Ke7
8. dxc5 Qc7 9. b4 Bxb1 10. Rxb1 g6 11. O-O Bg7 12. Qb3 Rhd8 13. c4 a6 14. cxd5
Nxd5 15. Bc4 Kf8 16. Rbd1 Nc3 17. Rc1 Ne4 18. Bd3 Nf6 19. a4 Nd7 20. Ng5 Ne5
21. Be2 Kg8 22. f4 Nc6 23. Bc4 Rd2 24. Bxe6 fxe6 25. Qxe6+ Kh8 26. Nf7+ Kg8
27. Ng5+ Kh8 28. b5 axb5 29. axb5 Nb4 30. Nf7+ Kg8 31. Nd6+ Kh8 32. b6 1-0

[Event "4th Lost Boys tournament, Group A"]
[Site "Antwerp"]
[Date "1997.08.10"]
[Round "9"]
[White "Ree, Hans"]
[Black "Peker, Oleg"]
[Result "1-0"]
[WhiteElo "2435"]
[BlackElo "2370"]
[WhiteTitle "GM"]
[BlackTitle "FM"]
[Source "365chess.com"]
[Board "10"]

1. c4 g6 2. d4 Bg7 3. e4 d6 4. Nc3 Nf6 5. Bd3 O-O 6. Nge2 e5 7. d5 Na6 8. O-O
Nc5 9. Bc2 a5 10. Rb1 c6 11. a3 cxd5 12. cxd5 a4 13. f3 Bd7 14. Be3 Qa5 15. Nc1
Nh5 16. Nd3 Nxd3 17. Bxd3 Nf4 18. Bc2 f5 19. Qd2 Nh5 20. exf5 gxf5 21. Bh6 Rf7
22. Kh1 Qc5 23. Be3 Qa5 24. g4 Nf4 25. gxf5 Bxf5 26. Bxf5 Rxf5 27. Ne4 Qxd2
28. Bxd2 Ra6 29. Bxf4 exf4 30. b3 axb3 31. Rxb3 Ra7 32. Nxd6 Rxd5 33. Nc8 1-0

[Event "4th Lost Boys tournament, Group A"]
[Site "Antwerp"]
[Date "1997.08.10"]
[Round "9"]
[White "Zak, Uriel"]
[Black "van Mil, Johan"]
[Result "1/2-1/2"]
[WhiteElo "2330"]
[BlackElo "2420"]
[WhiteTitle "IM"]
[BlackTitle "IM"]
[Source "365chess.com"]
[Board "12"]

1. d4 g6 2. e4 Bg7 3. Bc4 e6 4. Nc3 Ne7 5. d5 exd5 6. Nxd5 Nxd5 7. Bxd5 Qe7
8. Qe2 c6 9. Bb3 O-O 10. Nf3 Re8 11. O-O d5 12. Re1 Bg4 13. Qf1 Bxf3 14. gxf3
Nd7 15. Bd2 Bxb2 16. Rab1 Qf6 17. Qg2 dxe4 18. Bg5 Qg7 19. fxe4 Nc5 20. Qf3 Be5
21. Rbd1 a5 22. Qe3 b6 23. Bh6 Qh8 24. Qf3 Qf6 25. Qxf6 Bxf6 26. Rd6 Nxb3
27. Rxc6 Bd4 28. cxb3 Rad8 29. Bg5 Rd7 30. Bf6 Bc5 31. Re2 h6 32. Kg2 g5 33. Bc3
Kh7 34. Bxa5 bxa5 35. Rxc5 a4 36. bxa4 Rd4 37. f3 Rxa4 38. Rc7 Kg6 39. Rb2 Re6
40. Kg3 Rea6 41. Rbb7 Rf6 42. Ra7 Rfa6 43. Rc6+ Rxc6 44. Rxa4 f6 45. h4 Kh5
46. hxg5 hxg5 47. Ra8 Kg6 48. a4 Rc2 49. Ra6 Kf7 50. Kg4 Rc3 51. Rb6 Ra3 52. Ra6
Rc3 53. a5 Ra3 54. Ra8 Kg6 55. a6 Ra5 56. a7 Kg7 57. Kh5 Ra1 58. e5 fxe5
59. Kxg5 Ra3 60. Kg4 Kh7 61. Re8 Rxa7 62. Rxe5 Kg6 63. f4 Kf6 1/2-1/2

[Event "4th Lost Boys tournament, Group A"]
[Site "Antwerp"]
[Date "1997.08.10"]
[Round "9"]
[White "van Beek, Lucien"]
[Black "Delemarre, Jop"]
[Result "1/2-1/2"]
[WhiteElo "2215"]
[BlackElo "2395"]
[BlackTitle "IM"]
[Source "365chess.com"]
[Board "14"]

1. Nf3 d5 2. d3 c6 3. g3 Bg4 4. Nbd2 Nd7 5. Bg2 Ngf6 6. O-O e6 7. b3 a5 8. a3
Bc5 9. Bb2 O-O 10. c4 Re8 11. d4 Ba7 12. b4 Bb8 13. Qb3 Bc7 14. Rfe1 axb4
15. axb4 Rxa1 16. Bxa1 e5 1/2-1/2

[Event "4th Lost Boys tournament, Group A"]
[Site "Antwerp"]
[Date "1997.08.10"]
[Round "9"]
[White "Duchovny, Eduard"]
[Black "Shirazi, Kamran"]
[Result "0-1"]
[WhiteElo "2345"]
[BlackElo "2430"]
[WhiteTitle "FM"]
[BlackTitle "IM"]
[Source "365chess.com"]
[Board "15"]

1. d4 Nf6 2. Nf3 d6 3. Bg5 Nbd7 4. Nbd2 h6 5. Bxf6 Nxf6 6. e4 g6 7. g3 Bg7
8. Bg2 c5 9. dxc5 Qa5 10. O-O Qxc5 11. c3 O-O 12. Qe2 Nd7 13. a4 b6 14. Nb3 Qc7
15. Nfd4 Bb7 16. a5 a6 17. axb6 Nxb6 18. Na5 Bc8 19. Rfd1 h5 20. h3 Bd7 21. Bf1
Na4 22. Ndb3 Rfb8 23. Rd2 Rb6 24. Nd4 Rab8 25. Nc4 R6b7 26. Ra2 Bh6 27. Rc2 e5
28. Nf3 Bb5 29. b3 Nc5 30. Rcb2 a5 31. Qc2 Nxb3 32. Rxb3 Bxc4 33. Rxb7 Rxb7
34. Bxc4 Qxc4 35. Rxa5 Rb3 36. Nd2 Bxd2 37. Qxd2 Rb1+ 38. Kg2 Qf1+ 39. Kf3 Re1
40. Ra8+ Kg7 0-1

[Event "4th Lost Boys tournament, Group A"]
[Site "Antwerp"]
[Date "1997.08.10"]
[Round "9"]
[White "Dutreeuw, Marc"]
[Black "Nio Bertholée, Rob"]
[Result "1-0"]
[WhiteElo "2400"]
[BlackElo "2340"]
[WhiteTitle "IM"]
[BlackTitle "FM"]
[Source "365chess.com"]
[Board "16"]

1. e4 c5 2. Nf3 d6 3. d4 cxd4 4. Nxd4 Nf6 5. Nc3 a6 6. Be3 e6 7. a4 b6 8. g4
Bb7 9. Bg2 h6 10. f4 Nbd7 11. g5 hxg5 12. fxg5 Nh5 13. g6 Ne5 14. gxf7+ Kxf7
15. O-O+ Nf6 16. Nf3 Nxf3+ 17. Qxf3 Rc8 18. Qf2 Kg8 19. Qg3 Rc4 20. Rad1 Nxe4
21. Qg6 Nf6 22. Rxf6 Qxf6 23. Qxf6 gxf6 24. Bxb7 a5 25. Rd4 Rc7 26. Rg4+ Bg7
27. Bf3 d5 28. Bxb6 Rb7 29. Nxd5 f5 30. Nf6+ Kf7 31. Rxg7+ Kxg7 32. Bxb7 Rb8
33. Ne8+ 1-0

[Event "4th Lost Boys tournament, Group A"]
[Site "Antwerp"]
[Date "1997.08.10"]
[Round "9"]
[White "Bartels, Hans"]
[Black "Grooten, Herman"]
[Result "0-1"]
[WhiteElo "2325"]
[BlackElo "2390"]
[WhiteTitle "FM"]
[BlackTitle "IM"]
[Source "http://www.lostcity.nl/chess/antwerp97/games.html"]
[Board "17"]

1. c4 b6 2. Nc3 c5 3. Nf3 Bb7 4. e4 d6 5. d4 cxd4 6. Nxd4 Nf6 7. Qe2 Nbd7 8. g3
g6 9. b3 Bg7 10. Bb2 O-O 11. Bg2 a6 12. O-O e6 13. Rad1 Qb8 14. f4 Re8 15. Nc2
b5 16. cxb5 axb5 17. Nb4 Nc5 18. Rfe1 h5 19. h3 e5 20. fxe5 dxe5 21. Kh2 h4
22. g4 Bh6 23. Qxb5 Bf4+ 24. Kg1 Qa7 25. Kh1 Bg3 26. Rf1 Nfxe4 27. Qe2 Nxc3
28. Bxc3 Ne6 29. Bxb7 Qxb7+ 30. Nd5 Nc7 31. Rxf7 Kxf7 32. Qf3+ Bf4 33. Bxe5 Nxd5
34. Bxf4 Rad8 35. Bc7+ Nf4 36. Qxb7 Rxd1+ 37. Kh2 Re2+ 0-1